000 00480nam a2200181Ia 4500
008 151018s9999 xx 000 0 und d
082 _bRBASDV38523
_a824
100 _aM N Roy
245 _aIntelectual Roots of Modern Civilisation
250 _b1
260 _bRenissance
_c2002
300 _a127
600 _aM N Roy
630 _aIntelectual Roots of Modern Civilisation
700 _aM N Roy
730 _aIntelectual Roots of Modern Civilisation
942 _cBOOK
999 _c1037928
_d1037925